000 00721cam a2200229 a 4500
001 000015455
005 20260312134858.0
008 940813s1992 sp b 001 0 spa d
020 _a8471518171
040 _aDO-SdBNP
_bspa
_dBNPHU
082 _a172
_bM186m
100 1 _aMaestre, Agapito
_d1954-
_934909
245 1 0 _aModernidad, historia y política /
_cAgapito Maestre.
260 _aNavarra, España :
_bEditorial Verbo Divino,
_c1992.
300 _a253 p. ;
_c20 cm.
490 1 _aNuevos desafíos
504 _aIncluye referencias bibliográficas.
650 0 _aÉtica política
_91332
650 0 _aÉtica social
_91353
650 4 _aFilosofía de la democracia
_934910
830 0 _aNuevos desafíos ;
_934911
999 _c15011
_d15011